000 00406nam a2200157Ia 4500
008 231217s9999 xx 000 0 und d
020 _a8173665753
041 _aEnglish
082 _a001.64404 POT;1 R1
100 _aPotter, Bruce. Fleck, Bob.
245 0 _a802.11 Security : securing wireless networks
260 _c2003
_bShroff
_aMumbai
300 _axiii+176
650 _a802.11
942 _cAA
999 _c179843
_d179843